AH International Schools' Libraries

Ten oranges (KHMER) / (Record no. 49181)

MARC details
000 -LEADER
fixed length control field 00269nam a2200109 4500
020 ## - INTERNATIONAL STANDARD BOOK NUMBER
International Standard Book Number 9789924350262
100 ## - MAIN ENTRY--PERSONAL NAME
Personal name Kol, Seab
9 (RLIN) 86255
245 ## - TITLE STATEMENT
Title Ten oranges (KHMER) /
Statement of responsibility, etc Seab Kol
260 ## - PUBLICATION, DISTRIBUTION, ETC. (IMPRINT)
Place of publication, distribution, etc Cambodia
Name of publisher, distributor, etc JSC
Date of publication, distribution, etc 2023
300 ## - PHYSICAL DESCRIPTION
Extent 34 p.
Other physical details col. ill.
Dimensions 22 cm.
942 ## - ADDED ENTRY ELEMENTS (KOHA)
Source of classification or shelving scheme
Koha item type Book
Holdings
Withdrawn status Lost status Source of classification or shelving scheme Damaged status Not for loan Collection code Home library Current library Shelving location Date acquired Total Checkouts Full call number Barcode Checked out Date last seen Date checked out Price effective from Koha item type
          Siem Riep Asian Hope Early Years Library Asian Hope Early Years Library Easy Reading 08/07/2025 10 KHMER E KOL 208506 04/21/2026 04/21/2026 04/21/2026 08/07/2025 Book

For any Logos Library related questions please contact Miss Art at swongnarasuk@asianhope.org.

For any Asian Hope Library related questions please contact Miss Raza at graza@asianhope.org.

Click here to explore our ebooks!

Powered by Koha